| 000 -LEADER |
| fixed length control field |
00873nam a2200241 4500 |
| 001 - CONTROL NUMBER |
| control field |
22715 |
| 003 - CONTROL NUMBER IDENTIFIER |
| control field |
BD-DhUAP |
| 005 - DATE AND TIME OF LATEST TRANSACTION |
| control field |
20250707125621.0 |
| 008 - FIXED-LENGTH DATA ELEMENTS--GENERAL INFORMATION |
| fixed length control field |
120628s2011 bg ae b 000 0 eng d |
| 020 ## - INTERNATIONAL STANDARD BOOK NUMBER |
| International Standard Book Number |
9789843607973 |
| 040 ## - CATALOGING SOURCE |
| Original cataloging agency |
MYG |
| Language of cataloging |
eng |
| Transcribing agency |
BD-DhUAP |
| Modifying agency |
BD-DhUAP |
| Description conventions |
BD-DhUAP |
| 043 ## - GEOGRAPHIC AREA CODE |
| Geographic area code |
a-bg--- |
| 082 04 - DEWEY DECIMAL CLASSIFICATION NUMBER |
| Classification number |
720.95492 MUZ |
| Edition number |
23 |
| 100 1# - MAIN ENTRY--PERSONAL NAME |
| Dates associated with a name |
1923-2012, |
| Relator term |
architect. |
| 245 10 - TITLE STATEMENT |
| Title |
Muzharul Islam / |
| Statement of responsibility, etc. |
editors: Kazi Khaleed Ashraf, Cemal Emden. |
| 260 ## - PUBLICATION, DISTRIBUTION, ETC. |
| Place of publication, distribution, etc. |
Banani, Dhaka : |
| Name of publisher, distributor, etc. |
BL Book : |
| -- |
Bengal Institute for Atchitecture,Landscapes and Settlements,2024. |
| Date of publication, distribution, etc. |
2011. |
| 300 ## - PHYSICAL DESCRIPTION |
| Extent |
p. : |
| Other physical details |
ill. (some col.), plans ; |
| Dimensions |
40 cm. |
| 504 ## - BIBLIOGRAPHY, ETC. NOTE |
| Bibliography, etc. note |
Includes bibliographical references. |
| 520 ## - SUMMARY, ETC. |
| Summary, etc. |
Contributed articles on the work of Muzharul Islam, architect from Bangladesh. |
| 650 ## - SUBJECT ADDED ENTRY--TOPICAL TERM |
| Topical term or geographic name entry element |
Islam, Muzharul, |
| General subdivision |
1923-2012. |
| 700 1# - ADDED ENTRY--PERSONAL NAME |
| Personal name |
Kazi Khaleed Ashraf, |
| Relator term |
editor. |
| 942 ## - ADDED ENTRY ELEMENTS (KOHA) |
| Source of classification or shelving scheme |
|
| Koha item type |
Book |